<?xml version="1.0" encoding="UTF-8"?><?xml-stylesheet type="text/xsl" href="static/style.xsl"?><OAI-PMH xmlns="http://www.openarchives.org/OAI/2.0/" xmlns:xsi="http://www.w3.org/2001/XMLSchema-instance" xsi:schemaLocation="http://www.openarchives.org/OAI/2.0/ http://www.openarchives.org/OAI/2.0/OAI-PMH.xsd"><responseDate>2026-04-14T00:02:05Z</responseDate><request verb="GetRecord" identifier="oai:www.recercat.cat:2072/477259" metadataPrefix="marc">https://recercat.cat/oai/request</request><GetRecord><record><header><identifier>oai:recercat.cat:2072/477259</identifier><datestamp>2025-07-29T23:10:45Z</datestamp><setSpec>com_2072_98</setSpec><setSpec>col_2072_378192</setSpec></header><metadata><record xmlns="http://www.loc.gov/MARC21/slim" xmlns:dcterms="http://purl.org/dc/terms/" xmlns:xsi="http://www.w3.org/2001/XMLSchema-instance" xmlns:doc="http://www.lyncode.com/xoai" xsi:schemaLocation="http://www.loc.gov/MARC21/slim http://www.loc.gov/standards/marcxml/schema/MARC21slim.xsd">
   <leader>00925njm 22002777a 4500</leader>
   <datafield ind2=" " ind1=" " tag="042">
      <subfield code="a">dc</subfield>
   </datafield>
   <datafield ind2=" " ind1=" " tag="720">
      <subfield code="a">Oliveira, Mariana</subfield>
      <subfield code="e">author</subfield>
   </datafield>
   <datafield ind2=" " ind1=" " tag="720">
      <subfield code="a">Santagata, Remo</subfield>
      <subfield code="e">author</subfield>
   </datafield>
   <datafield ind2=" " ind1=" " tag="720">
      <subfield code="a">Kaiser, Serena</subfield>
      <subfield code="e">author</subfield>
   </datafield>
   <datafield ind2=" " ind1=" " tag="720">
      <subfield code="a">Liu, Yanxin</subfield>
      <subfield code="e">author</subfield>
   </datafield>
   <datafield ind2=" " ind1=" " tag="720">
      <subfield code="a">Vassillo, Chiara</subfield>
      <subfield code="e">author</subfield>
   </datafield>
   <datafield ind2=" " ind1=" " tag="720">
      <subfield code="a">Ghisellini, Patrizia</subfield>
      <subfield code="e">author</subfield>
   </datafield>
   <datafield ind2=" " ind1=" " tag="720">
      <subfield code="a">Liu, Gengyuan</subfield>
      <subfield code="e">author</subfield>
   </datafield>
   <datafield ind2=" " ind1=" " tag="720">
      <subfield code="a">Ulgiati, Sergio</subfield>
      <subfield code="e">author</subfield>
   </datafield>
   <datafield ind2=" " ind1=" " tag="260">
      <subfield code="c">2022</subfield>
   </datafield>
   <datafield ind2=" " ind1=" " tag="520">
      <subfield code="a">Altres ajuts: Italian Ministry of Foreign Affairs and International Cooperation (MAECI, High Relevance Bilateral Projects, Grant No. PGR00954), Sino-Italian Cooperation of NSFC Natural Science Foundation of China (Grant No. 71861137001), Fundamental Research Funds of Capital University of Economics and Business (Grant No. XRZ2022028)</subfield>
   </datafield>
   <datafield ind2=" " ind1=" " tag="520">
      <subfield code="a">Green infrastructures deliver countless functions for counteracting climate change, air pollution, floods, and heat islands, contributing at the same time to water and carbon recycling as well as to renewable energies and feedstock provisioning. Properly addressing such environmental problems would require huge investments that could be decreased thanks to the further implementation of urban forests. Local administrations are designing participative projects to improve territories and their living conditions. The i-Tree Canopy modelling tool and the life cycle assessment method are jointly applied to evaluate the potential benefits of increasing tree coverage within the boundaries of the Metropolitan City of Naples, Southern Italy. Results highlighted that tree coverage could increase by about 2.4 million trees, thus generating 51% more benefits in pollutants removal, carbon sequestration and stormwater management. The benefits are also explored and confirmed by means of the life cycle assessment method. The potential tree cover is expected to provide a total annual economic benefit of USD 55 million, purchasing power parity value adjusted, representing USD 18 per citizen and USD 99,117 per square kilometre of implemented urban forest. These results can support a potential replication elsewhere and provide a reference for the sustainable improvement of cities by expanding urban green areas.</subfield>
   </datafield>
   <datafield tag="653" ind2=" " ind1=" ">
      <subfield code="a">Urban forest</subfield>
   </datafield>
   <datafield tag="653" ind2=" " ind1=" ">
      <subfield code="a">Green infrastructures</subfield>
   </datafield>
   <datafield tag="653" ind2=" " ind1=" ">
      <subfield code="a">I-Tree tool</subfield>
   </datafield>
   <datafield tag="653" ind2=" " ind1=" ">
      <subfield code="a">Life cycle assessment</subfield>
   </datafield>
   <datafield tag="653" ind2=" " ind1=" ">
      <subfield code="a">Ecosystem functions</subfield>
   </datafield>
   <datafield tag="653" ind2=" " ind1=" ">
      <subfield code="a">Nature shaped circularity</subfield>
   </datafield>
   <datafield ind2="0" ind1="0" tag="245">
      <subfield code="a">Socioeconomic and Environmental Benefits of Expanding Urban Green Areas: A Joint Application of i-Tree and LCA Approaches</subfield>
   </datafield>
</record></metadata></record></GetRecord></OAI-PMH>